Aṣṭādhyāyisūtrapātḥaḥ. (Record no. 67718)

MARC details
000 -LEADER
fixed length control field 00676cam a22002411 4500
001 - CONTROL NUMBER
control field sa 66001317
003 - CONTROL NUMBER IDENTIFIER
control field DLC
005 - DATE AND TIME OF LATEST TRANSACTION
control field 20260227112221.0
008 - FIXED-LENGTH DATA ELEMENTS--GENERAL INFORMATION
fixed length control field 900212s1964 ii 000 0 sano
010 ## - LIBRARY OF CONGRESS CONTROL NUMBER
LC control number sa 66001317
035 ## - SYSTEM CONTROL NUMBER
System control number (OCoLC)21052303
040 ## - CATALOGING SOURCE
Original cataloging agency DLC
Transcribing agency WaU
Modifying agency DLC
050 00 - LIBRARY OF CONGRESS CALL NUMBER
Classification number PK517
Item number .J5
100 0# - MAIN ENTRY--PERSONAL NAME
Personal name Pāṇini.
240 10 - UNIFORM TITLE
Uniform title Aṣṭādhyāyī
245 10 - TITLE STATEMENT
Title Aṣṭādhyāyisūtrapātḥaḥ.
260 ## - PUBLICATION, DISTRIBUTION, ETC.
Date of publication, distribution, etc. 1964.
300 ## - PHYSICAL DESCRIPTION
Extent 8, 88 p.
Dimensions 19 cm.
440 #0 - SERIES STATEMENT/ADDED ENTRY--TITLE
Title Rāmalāla Kapūra Ṭrasṭa granthamālā,
Volume/sequential designation saṃ 23
500 ## - GENERAL NOTE
General note In Sanskrit; foreword in Hindi.
650 #0 - SUBJECT ADDED ENTRY--TOPICAL TERM
Topical term or geographic name entry element Sanskrit language
General subdivision Grammar.
700 1# - ADDED ENTRY--PERSONAL NAME
Personal name Jijnasu, Brahmadatta,
Dates associated with a name 1892-1964.

No items available.

Powered by Koha